Stanovenie rádioaktivity u vybraných pestovaných druhov liečivých rastlín

Informovanie o výsledkoch merania rádioaktivity kvetných úborov rumančeka kamilkového, vňate mäty piepornej a šalvie lekárskej z ich veľkoplošného pestovania na rôznych miestach Slovenska v rokoch 2016 a 2018.

Salvato in:
Dettagli Bibliografici
Autore principale: Šalamon, Ivan
Altri autori: Stričík, Michal, 1969-, Tarawneh, Amer
Natura: Capitolo di libro
Lingua:slovacco
Soggetti:
Tags: Aggiungi Tag
Nessun Tag, puoi essere il primo ad aggiungerne!!

MARC

LEADER 00000naa$a2200000$$$4500
001 0261347
005 20240502074143.2
041 0 |a slo 
044 |a SK 
245 1 0 |a Stanovenie rádioaktivity u vybraných pestovaných druhov liečivých rastlín  |c Ivan Šalamon, Michal Stričík, Amer Tarawneh 
520 |a Informovanie o výsledkoch merania rádioaktivity kvetných úborov rumančeka kamilkového, vňate mäty piepornej a šalvie lekárskej z ich veľkoplošného pestovania na rôznych miestach Slovenska v rokoch 2016 a 2018. 
610 2 0 |a rádioaktivita 
610 2 0 |a potraviny modifikované geneticky 
610 2 0 |a zdravie 
100 1 |a Šalamon, Ivan 
700 1 |a Stričík, Michal, 1969- 
700 1 |a Tarawneh, Amer